Tous les lieux d'Hisui - Statistiques

Statistiques générales
  • Ce quiz a été pris 6 fois
  • Le résultat moyen est 16 sur 96
Statistiques - réponses
Nom du lieu % Correct
Zone 4 Côte Lazuli
75%
Zone 3-Lieu 11 Lac Courage
75%
Zone 2-Lieu 5 Lac Vérité
75%
Zone 3 Marais Carmin
75%
Zone 2 Plaines Obsidiennes
75%
Zone 6-Lieu 3 Chute d'Oglacé
50%
Zone 5 Contrefort Couronné
50%
Zone 6-Lieu 6 Glacier Seracrawl
50%
Zone 7 Hameau Oublié
50%
Zone 6-Lieu 14 Lac Savoir
50%
Zone 1-Lieu Plage Premiépas
50%
Zone 1 Rusti-Cité
50%
Zone 6 Terres Immaculées
50%
Zone 6-Lieu 10 Arène de l'Iceberg
25%
Zone 2-Lieu 17 Arène du Grand Arbre
25%
Zone 4-Lieu 4 Bois Brise-Vent
25%
Zone 2-Lieu 1 Champ Flora
25%
Zone 4-Lieu 6 Chemin de la Source
25%
Zone 2-Lieu 2 Colline Ambition
25%
Zone 3-Lieu 8 Col Mer-de-Nuages
25%
Zone 5-Lieu 12 Col Pierlevé
25%
Zone 4-Lieu 7 Coteau du Passage
25%
Zone 6-Lieu 5 Etendue Polaire
25%
Zone 4-Lieu 10 Grotte du Retour
25%
Zone 5-Lieu 8 Grotte Préhistorique
25%
Zone 3-Lieu 6 Hameau Diamant
25%
Zone 6-Lieu 8 Hameau Perle
25%
Zone 5-Lieu 1 Hauts de l'Humilité
25%
Zone 4-Lieu 12 Ile Crache-Feu
25%
Zone 2-Lieu 15 Ile Rosa Rugosa
25%
Zone 3-Lieu 2 Marais Bouchebée
25%
Zone 5-Lieu 13 Parvis des Prières
25%
Zone 5-Lieu 15 Passage des Nuages
25%
Zone 3-Lieu 4 Pente des Gringoles
25%
Zone 4-Lieu 19 Plage Gingko
25%
Zone 3-Lieu 1 Plaine d'Or
25%
Zone 2-Lieu 13 Plaine Littorella
25%
Zone 2-Lieu 8 Plateau Cer-Mont
25%
Zone 6-Lieu 7 Rocher Esprit
25%
Zone 3-Lieu 10 Ruines Brumeuses
25%
Zone 2-Lieu 6 Sentier Cer-Mont
25%
Zone 5-Lieu 5 Source Reculée
25%
Zone 6-Lieu 15 Temple de Frimapic
25%
Zone 5-Lieu 17 Temple de Sinnoh
25%
Zone 2-Lieu 3 Val Ferrache
25%
Zone 5-Lieu 3 Ancienne Carrière
0%
Zone 4-Lieu 1 Arche Poissigrand
0%
Zone 4-Lieu 23 Arène de la Lave
0%
Zone 5-Lieu 14 Arène de la Lune
0%
Zone 3-Lieu 9 Arène du Théâtre
0%
Zone 3-Lieu 15 Arène Ursa
0%
Zone 4-Lieu 2 Autel de la Caldeira
0%
Zone 4-Lieu 3 Baie Sérénité
0%
Zone 2-Lieu 4 Bocage Agité
0%
Zone 4-Lieu 5 Cap du Voile
0%
Zone 2-Lieu 11 Cellier Champêtre
0%
Zone 3-Lieu 13 Champ Bourdonne
0%
Zone 2-Lieu 9 Chute d'Obsidienne
0%
Zone 4-Lieu 8 Creux du Cap
0%
Zone 4-Lieu 9 Crique Paisible
0%
Zone 2-Lieu 14 Digue de l'Estuaire
0%
Zone 5-Lieu 7 Falaise Calade
0%
Zone 5-Lieu 2 Forêt des Egarés
0%
Zone 2-Lieu 16 Forêt Lointaine
0%
Zone 6-Lieu 13 Grotte Secrète
0%
Zone 4-Lieu 11 Havre des Algues
0%
Zone 3-Lieu 16 Ile de l'Epreuve
0%
Zone 4-Lieu 13 Lagune des Bains
0%
Zone 3-Lieu 12 Lande Herbacoton
0%
Zone 3-Lieu 7 Lisière du Hameau
0%
Zone 4-Lieu 14 Main de Sable
0%
Zone 4-Lieu 15 Maison de Graham
0%
Zone 3-Lieu 3 Marais Carlate
0%
Zone 4-Lieu 16 Mont des Capumain
0%
Zone 5-Lieu 11 Mont des Gringoles
0%
Zone 4-Lieu 17 Passage des Marées
0%
Zone 6-Lieu 4 Pente de l'Avalanche
0%
Zone 4-Lieu 18 Plage de l'Errance
0%
Zone 4-Lieu 20 Plage Long-des-Iles
0%
Zone 3-Lieu 14 Plateau Tourbeux
0%
Zone 2-Lieu 7 Pont Rocheux
0%
Zone 5-Lieu 16 Porte de Pierre
0%
Zone 4-Lieu 21 Presqu'ile Tombolo
0%
Zone 4-Lieu 22 Rive des Revenants
0%
Zone 2-Lieu 10 Rive Filevent
0%
Zone 3-Lieu 5 Ruines Bonvivre
0%
Zone 5-Lieu 9 Sentier Céleste
0%
Zone 6-Lieu 9 Sentier de l'Arène
0%
Zone 5-Lieu 4 Sentier des Pèlerins
0%
Zone 5-Lieu 6 Source Féérique
0%
Zone 6-Lieu 11 Source Panora-Neige
0%
Zone 5-Lieu 10 Temple Céleste
0%
Zone 6-Lieu 12 Terrasse du Glacier
0%
Zone 2-Lieu 12 Tunnel de Fer
0%
Zone 6-Lieu 1 Vallée Enneigée
0%
Zone 6-Lieu 2 Voie de Glace
0%
Aucun quiz correspondant
Distribution des résultats
% des personnes avec chaque résultat
Percentile par nombre de réponses
Votre historique - résultats
Vous n’avez pas pris ce quiz